Mythology Quiz Stats

Quiz not verified by Sporcle

Challenge
Share
Tweet
Embed
Score 0/30 Timer 07:00
0 Plays Today
Hint God/Character % Correct
Ruler of the SeaPoseidon
98.1%
Ruler of the underworld and the deadHades
96.2%
Took an arrow to the heelAchilles
94.3%
Ruler of the SkyZeus
92.5%
Goddess of Love and BeautyAphrodite
92.5%
God of WarAres
92.5%
Sprang from Zeus's head in full armorPallas Athena
90.6%
Archer-god of Light and TruthPhoebus Apollo
90.6%
The Messenger and Master ThiefHermes
90.6%
Goddess of MarriageHera
88.7%
Bore the world on his shouldersAtlas
88.7%
God of WineDionysus
88.7%
Opens a forbidden boxPandora
88.7%
Kills MedusaPerseus
84.9%
Wife of HadesPersephone
83%
Hint God/Character % Correct
Fairest woman in the world (super hot)Helen
79.2%
Greatest hero of GreeceHercules
79.2%
Ugly God of the Forge and FireHephaestus
77.4%
Savior of mankind who is punished on a rockPrometheus
77.4%
Goddess of the CornDemeter
77.4%
God of LoveEros
75.5%
Goddess of the HearthHestia
71.7%
Killer of AchillesParis
71.7%
Huntsman-in-chief to the godsArtemis
69.8%
Goddess of the RainbowIris
69.8%
Lost king who angered PoseidonOdysseus
67.9%
Wife of the King of IthacaPenelope
64.2%
Ruler of the TitansCronus
54.7%
Cyclops son of Poseidon who is blinded by a lost kingPolyphemus
50.9%
Son of the King of IthacaTelemachus
47.2%

You're not logged in!

Compare scores with friends on all Sporcle quizzes.
Sign Up with Email
OR
Log In

You Might Also Like...

Show Comments

Extras

Top Quizzes Today


Score Distribution

Your Account Isn't Verified!

In order to create a playlist on Sporcle, you need to verify the email address you used during registration. Go to your Sporcle Settings to finish the process.